<?xml version="1.0" encoding="UTF-8"?>
<collection xmlns="http://www.loc.gov/MARC21/slim">
 <record>
  <leader>01229nam a2200253 a 4500</leader>
  <controlfield tag="001">1/37188</controlfield>
  <controlfield tag="008">090309s2008    ctu           000 0 eng d</controlfield>
  <datafield tag="020" ind1=" " ind2=" ">
   <subfield code="a">9781848550261</subfield>
  </datafield>
  <datafield tag="035" ind1=" " ind2=" ">
   <subfield code="l">39791</subfield>
  </datafield>
  <datafield tag="040" ind1=" " ind2=" ">
   <subfield code="a">GR-PeUP</subfield>
  </datafield>
  <datafield tag="041" ind1="0" ind2=" ">
   <subfield code="a">eng</subfield>
  </datafield>
  <datafield tag="245" ind1="0" ind2="0">
   <subfield code="a">Advancing gender research from the nineteenth to the twenty-first centuries</subfield>
   <subfield code="h">[electronic resource] /</subfield>
   <subfield code="c">edited by Marcia Texler Segal and Vasilikie Demos.</subfield>
  </datafield>
  <datafield tag="260" ind1=" " ind2=" ">
   <subfield code="a">Greenwich, Conn. :</subfield>
   <subfield code="b">JAI Press,</subfield>
   <subfield code="c">2008.</subfield>
  </datafield>
  <datafield tag="300" ind1=" " ind2=" ">
   <subfield code="a">Ένα html e-book.</subfield>
  </datafield>
  <datafield tag="490" ind1="1" ind2=" ">
   <subfield code="a">Advances in gender research,</subfield>
   <subfield code="x">1529-2126 ;</subfield>
  </datafield>
  <datafield tag="533" ind1=" " ind2=" ">
   <subfield code="a">Ηλεκτρονικό βιβλίο</subfield>
   <subfield code="e">Τρόπος πρόσβασης μέσω διαδικτύου.</subfield>
  </datafield>
  <datafield tag="650" ind1=" " ind2="4">
   <subfield code="a">Gender identity.</subfield>
  </datafield>
  <datafield tag="650" ind1=" " ind2="4">
   <subfield code="a">Sex role.</subfield>
  </datafield>
  <datafield tag="700" ind1="1" ind2=" ">
   <subfield code="a">Segal, Marcia Texler,</subfield>
   <subfield code="d">1940-</subfield>
  </datafield>
  <datafield tag="700" ind1="1" ind2=" ">
   <subfield code="a">Demos, Vasilikie P.</subfield>
  </datafield>
  <datafield tag="830" ind1=" " ind2=" ">
   <subfield code="a">Advances in gender research ;</subfield>
   <subfield code="v">12.</subfield>
  </datafield>
  <datafield tag="852" ind1=" " ind2=" ">
   <subfield code="a">INST</subfield>
   <subfield code="b">UNIPILB</subfield>
   <subfield code="c">EBOOKS</subfield>
   <subfield code="e">20200921</subfield>
   <subfield code="p">00b39791</subfield>
   <subfield code="q">00b39791</subfield>
   <subfield code="t">ONLINE</subfield>
   <subfield code="y">0</subfield>
  </datafield>
  <datafield tag="856" ind1="4" ind2="0">
   <subfield code="u">http://www.sciencedirect.com/science?_ob=PublicationURL&amp;_tockey=%23TOC%2321322%232008%23999879999%23696619%23FLA%23&amp;_cdi=21322&amp;_pubType=BS&amp;_auth=y&amp;_acct=C000061474&amp;_version=1&amp;_urlVersion=0&amp;_userid=7821870&amp;md5=767ada6306a6a6d470305ba7b9f25f3c</subfield>
  </datafield>
  <datafield tag="856" ind1="4" ind2=" ">
   <subfield code="d">/webopac/covers/02/39791_9781848550261.jpg</subfield>
  </datafield>
 </record>
</collection>
